000 00615cam a22002294a 4500
003 UPN
005 20220826112814.0
008 040305s2001 mx r 000 p spa d
020 _a9707100052
035 _aUPN01000132489
040 _aUPN
_bspa
_cUPN
049 _aCG
050 4 _aPQ8519 B4
_bA4
100 1 _aBenedetti, Mario,
_d1920-2009
_930051
245 1 3 _aEl amor, las mujeres y la vida /
_cMario Benedetti.
260 _aMéxico :
_bSuma de Letras,
_c2001.
300 _a184 p.
490 0 _aPunto de lectura ;
_v48.6
650 7 _aPoesía uruguaya
_2
_91317
905 _aLibro
942 _2lcc
_cLIBRO
999 _c104643
_d104643